Normal view
MARC view
- 1. Office layout.2. Work environment. 3. Work design . 4 .Office management. 5. Organizational behavior .
Entry Topical Term
001 - CONTROL NUMBER
- control field: 2420
003 - CONTROL NUMBER IDENTIFIER
- control field: NUST
005 - DATE AND TIME OF LATEST TRANSACTION
- control field: 20170609131500.0
008 - FIXED-LENGTH DATA ELEMENTS
- fixed length control field: 170609|| aca||aabn | a|a d
040 ## - CATALOGING SOURCE
- Original cataloging agency: NUST
- Transcribing agency: NUST
150 ## - HEADING--TOPICAL TERM
- Topical term or geographic name entry element: 1. Office layout.2. Work environment. 3. Work design . 4 .Office management. 5. Organizational behavior .
670 ## - SOURCE DATA FOUND
- Source citation: Work cat.: (NUST)23721: Seth Allcorn 2419, The Dynamic Workplace:Present Structure and Future Redesign , 2003
